Corporate Hospitality of IBM and Dell as a Part of their Corporate Identity
Analýza firemnej pohostinnosti dvoch amerických spoločností – Dell a IBM. Budovanie pozitívneho firemného imidžu a podniková kultúra. Význam vybudovania firemnej identity pre úspešnú pozíciu spoločnosti na trhu.
Salvato in:
| Autore principale: | |
|---|---|
| Natura: | Capitolo di libro |
| Lingua: | inglese |
| Soggetti: | |
| Tags: |
Nessun Tag, puoi essere il primo ad aggiungerne!!
|
MARC
| LEADER | 00000naa$a2200000$$$4500 | ||
|---|---|---|---|
| 001 | 0281023 | ||
| 005 | 20250805085744.5 | ||
| 041 | 0 | |a eng | |
| 044 | |a CZ | ||
| 245 | 1 | 0 | |a Corporate Hospitality of IBM and Dell as a Part of their Corporate Identity |c Sonia Krajčík Danišová |
| 520 | |a Analýza firemnej pohostinnosti dvoch amerických spoločností – Dell a IBM. Budovanie pozitívneho firemného imidžu a podniková kultúra. Význam vybudovania firemnej identity pre úspešnú pozíciu spoločnosti na trhu. | ||
| 610 | 2 | 0 | |a kultúra podniková |
| 610 | 2 | 0 | |a identita podniková |
| 610 | 2 | 0 | |a korporácie |
| 610 | 2 | 0 | |a komunikácia firemná |
| 610 | 2 | 0 | |a imidž |
| 610 | 2 | 0 | |a prieskum |
| 610 | 2 | 0 | |a Slovensko |
| 100 | 1 | |a Krajčík Danišová, Sonia, 1981- | |